000 00517pab a2200169 454500
008 180718b2014 xxu||||| |||| 00| 0 eng d
100 _aThayyil, Naveen
245 _aPublic participation in environmental clearances in India: prospects for democratic decision- making
260 _c2014
300 _ap.463-492.
362 _aOct-Dec
650 _aDecesion making
650 _aWorkers participation
650 _aEnvironmental legislation
773 _aJournal of the Indian Law Institute
909 _a108132
999 _c108127
_d108127